000 00548nab a2200157 4500
003 ES-SlBCS
005 20210327231231.0
008 160205s2016 sp ||||| |||| 00| 0 spa d
040 _aES-SlBCS
_bspa
100 1 _aLemke, Dietrich
_9269586
245 1 0 _aFraunhofer y el estudio del espectro solar
_cDietrich Lemke
600 1 4 _aFraunhofer, Joseph Von
_d, 1787-1826
_xCrítica e interpretación
_9409917
650 0 4 _aCiencia
_xHistoria
_943135
773 0 _gNº 472, 2016, págs. 70-78
_tInvestigación y Ciencia
_wRev1650
_x0210-136X
942 _2lcc
_cAR
999 _c855768
_d855768